LEADER 00647naa a2200169 i 4500 001 000000319802 003 CaOOAMICUS 005 20180831173314.0 008 180831n it u000 u ita u 013 $a29601 040 $aSeMil$bita 245 13$aLa religione della salute e la sofferenza. 650 4$aSalute.$0(OLS)http://semarc/subject/6389 650 4$aSofferenza.$0(OLS)http://semarc/subject/6395 650 4$aDolore.$0(OLS)http://semarc/subject/20023 773 0 $tGesù nostro contemporaneo.$dSiena : Cantagalli, 2012.$z978-88-8272-829-8$gp.281-290$w()214573 996 $6245$aLa religione della salute e la sofferenza$9(OLS)http://semarc/title/393533 LEADER 01110nam a2200253 i 4500 001 000000070212 003 CaOOAMICUS 005 20080812000000.0 008 080812s1921 fr u000 u fre u 013 $a41384 040 $aSeMil$bita 100 1 $aNietzsche, Friedrich,$d<1844-1900>.$0(OLS)http://semarc/name/1250 245 10$aEcce Homo ; suivi des Poésies /$cFrédéric Nietzsche ; traduit pat Henri Albert. 250 $a9. éd. 260 $aParis :$bMercure de France,$c1921. 300 $a299 p. ;$c19 cm. 490 0 $aCollection d'auteurs etrangers 700 1 $aAlbert, Henri <1869-1921>.$0(OLS)http://semarc/name/8881 773 0 $tOeuvres complétes de Frédéric Nietzsche.$dParis : Mercure de France $kCollection d'auteurs etrangers$w()19889 830 0$aCollection d'auteurs etrangers.$0(OLS)http://semarc/title/26177 850 $aSeMil 852 $aSeMil$W1$xVenegono$y1$m2P II 133$j36365$B36365$CSeMilBibl$Z2$F36368 $81 996 $6245$aEcce Homo ; suivi des Poésies$9(OLS)http://semarc/title/112632 996 $6260$aParis :$bMercure de France$9(OLS)http://semarc/publisher/35093